LEADER 01065nam--2200361---450- 001 990003249620203316 005 20090520180905.0 035 $a000324962 035 $aUSA01000324962 035 $a(ALEPH)000324962USA01 035 $a000324962 100 $a20090520d1975----km-y0itay50------ba 101 $aita 102 $aIT 105 $a||||||||001yy 200 1 $aProcesso a un anarchico a Napoli nel 1878$e(Giovanni Passannante) 210 $aNapoli$cEdizioni del delfino$dstampa 1975 215 $aXVI, 192 p., [5] c. di tav.$cill.$d22 cm 410 0$12001 454 1$12001 461 1$1001-------$12001 600 01$aPassannante, Giovanni$xProcesso 676 $a335.8 700 1$aPORCARO,$bGiuseppe$037146 801 0$aIT$bsalbc$gISBD 912 $a990003249620203316 951 $aXV.1.C. 374$b43364 EC$cXV.1.C.$d00230141 959 $aBK 969 $aUMA 979 $aRSIAV4$b90$c20090520$lUSA01$h1807 979 $aRSIAV4$b90$c20090520$lUSA01$h1809 996 $aProcesso a un anarchico a Napoli nel 1878$91119740 997 $aUNISA LEADER 02270nam 2200565 450 001 9910462664503321 005 20200923020339.0 010 $a1-80034-067-2 010 $a1-909821-61-6 035 $a(CKB)2670000000416194 035 $a(dli)HEB31368 035 $a(MiAaPQ)EBC5485146 035 $a(UkCbUP)CR9781909821613 035 $a(Au-PeEL)EBL5485146 035 $a(OCoLC)1048787689 035 $a(StDuBDS)EDZ0002316089 035 $a(EXLCZ)992670000000416194 100 $a20200813e20201997 fy| 0 101 0 $aeng 135 $aurmnummmmuuuu 181 $ctxt$2rdacontent 182 $cc$2rdamedia 183 $acr$2rdacarrier 200 00$aPolin $estudies in Polish Jewry$hVolume 10$iJews in early modern Poland /$fGershon David Hundert$b[electronic resource] 210 1$aLondon :$cThe Institute for Polish-Jewish Studies,$d2020. 215 $a1 online resource (xxxiv, 457 p. ) 225 1 $aThe Littman library of Jewish civilization 225 1 $aLiverpool scholarship online 300 $aPreviously issued in print: 1997. 311 $a1-874774-31-5 320 $aIncludes bibliographical references and index. 330 8 $aJewish society in Poland-Lithuania in the second half of the eighteenth century was by no means insular: Jews numbered about 750,000, and comprised about half the urban population of the country. The contact between Jews and the wider Polish society found expression in the languages Jews knew, in their marriage patterns, even in their synagogue architecture and decoration, but also in Polish accusations of Jewish ritual murder. All these aspects are here systematically reviewed. 410 0$aLittman library of Jewish civilization. 410 0$aLiverpool scholarship online. 517 3 $aJews in early modern Poland 606 $aJews$zPoland$xHistory 606 $aJews$zEurope, Eastern$xHistory 606 $aJudaism$zEurope$xHistory 607 $aPoland$xHistory 615 0$aJews$xHistory. 615 0$aJews$xHistory. 615 0$aJudaism$xHistory. 676 $a943.8004924 702 $aHundert$b Gershon David$f1946- 801 0$bStDuBDS 801 1$bStDuBDS 906 $aBOOK 912 $a9910462664503321 996 $aPolin$91928693 997 $aUNINA LEADER 01282nam 2200361Ia 450 001 996384059203316 005 20221108105338.0 035 $a(CKB)1000000000582317 035 $a(EEBO)2264209935 035 $a(OCoLC)13277134 035 $a(EXLCZ)991000000000582317 100 $a19860310d1687 uy | 101 0 $aeng 135 $aurbn||||a|bb| 200 12$aA letter form [sic] a gentleman in the country to his friends in London upon the subject at penal laws and texts$b[electronic resource] 210 $a[London $cs.n.]$d1687 215 $a12 p 300 $aAttributed to William Penn by Wing and NUC pre-1956 imprints. 300 $aPlace of publication suggested by Wing. 300 $aReproduction of original in the Union Theological Seminary Library, New York. 330 $aeebo-0160 606 $aDissenters, Religious$xLegal status, laws, etc 615 0$aDissenters, Religious$xLegal status, laws, etc. 700 $aPenn$b William$f1644-1718.$0444261 801 0$bEAF 801 1$bEAF 801 2$bm/c 801 2$bUMI 801 2$bWaOLN 906 $aBOOK 912 $a996384059203316 996 $aA letter form a gentleman in the country to his friends in London upon the subject at penal laws and texts$92426479 997 $aUNISA